| 000 | 00707nam a2200229 a 4500 | ||
|---|---|---|---|
| 008 | 061004s2006||||xo a f 000 0 ger d | ||
| 020 |
_a808908396X _q(brož.) _c9,74 |
||
| 040 |
_aSNK _bslo _cSNK _eAACR2 |
||
| 041 | 1 |
_ager _aslo _hcze |
|
| 044 |
_axo _cSK |
||
| 072 | 7 |
_a811.112.2 _xNemčina _2konspekt |
|
| 080 |
_a811.112.2 _22001 |
||
| 080 |
_a(076.5) _22001 |
||
| 245 | 1 | 0 |
_aNemčina _bcvičebnica _cEva Hereinová a Barbara Hochheim ; [preklad: Eva Ondrčková] |
| 250 | _a[1. vyd.] | ||
| 260 |
_aBratislava _bBelimex _c2006 |
||
| 300 |
_a87 s. _bilustr. _c21 cm |
||
| 500 | _aIlustr. na tit. strane | ||
| 650 | 0 | 7 |
_anemčina _2SNKPH |
| 700 | 1 |
_aHochheim, Barbara _4aut |
|
| 700 | 1 |
_aOndrčková, Eva _4trl |
|
| 999 |
_c18456 _d18456 |
||